02253nab a2200241uuc4500001000800000005001700008008004100025035001200066040001300078041000800091100005200099245009700151520136500248650004501613650003301658650003501691700004201726700005001768700005201818773011201870942001001982999001901992130945720240202110029.0121207e20110901 eng  a1309457 ccomduadb aeng10aGómez Rodríguez, Gabriela4auteaut966385510aAnalysis of the effect of El Niño and La Niña on Tecocomulco Lake, Central basin, Mexico3 aEl lago de Tecocomulco es un relicto de la gran cuenca central de México. Su superficie varía en respuesta tanto de la variación en los aportes terrestres como de los efectos de los fenómenos climáticos El Niño y La Niña. Es endorreico, con una baja precipitación y un aporte fluvial bajo e intermitente, una alta evaporación, y una contribución considerable de sedimentos debido a la deforestación y a un mal manejo de la cuenca. La vegetación más importante es Schoenoplectus californicus que crece masivamente en áreas lodosas, disminuyendo la profundidad y reduciendo el área inundada. El lago es visitado por aves procedentes de EUA y Canadá, que llegan para anidar y reproducirse. Durante los años extremadamente secos coincidentes con el fenómeno de El Niño, las áreas desecadas son usadas por los habitantes locales en un 9% de su superficie aproximadamente para cultivos, generando un problema social durante los años extremadamente lluviosos coincidentes con La Niña, cuando el área del lago aumenta e inunda las tierras cultivadas. En El Niño 2001-2002, la superficie del Lago de Tecocomulco se redujo un 37%, generando una baja profundidad de 0.75-1 m que puede ser asociada con una mayor temperatura, y en consecuencia una alta evaporación, situación que debe ser corroborada con más estudios. aMéxico - Geografía política992975 aFenómeno del Niño952904 aFenómeno de la Niña99826610aIslas Islas, Arturo4auteaut964603210aEscalante Richards, Vicente4auteaut967689210aLanza Espino, Guadalupe de la4auteaut94982530 tHidrobiológica (México)gVolumen 21, Número 03, Diciembre 2011, p. 249-259w596369x0188-88970149565 cARIMP c630116d630116